000 00898nam a22002057a 4500
999 _c8725
_d8725
003 AR-CdUCM
008 190325b ||||| |||| 00| 0 spa d
040 _aMUNICIPALIDAD PROVINCIAL DEL CUSCO
_cBIBLIOTECA MUNICIPAL DEL CUSCO
082 _a985.61 /
_bP85
100 _aPortugal Carbajal, Teodoro
_924366
245 _aApuntes para la historia de la provincia de "La Convención" /
260 _aCusco :
_c2003
300 _a 111 paginas ;
_bIlustraciones,
_c21 cm.
505 _aContenido : La provincia de la Convención -- Temas sustentados por profesionales invitados -- Las tres grandes zonas de la provincia de la Convención -- Los distritos de la provincia de la Convención -- Los nuevos distritos de la provincia de la Convención...
650 _aLa Convencion
_98740
650 _aHistoria de la Convención
_924367
650 _aCusco
_9772
942 _2ddc
_cLIBROS
945 _awnts